Mukalmat e Confushis / (Record no. 524244)
[ view plain ]
| 000 -LEADER | |
|---|---|
| fixed length control field | 00588nam a22001937a 4500 |
| 003 - CONTROL NUMBER IDENTIFIER | |
| control field | NUST |
| 020 ## - INTERNATIONAL STANDARD BOOK NUMBER | |
| International Standard Book Number | 9694721997 |
| 038 ## - RECORD CONTENT LICENSOR | |
| Staff Name | waseem |
| 082 ## - DEWEY DECIMAL CLASSIFICATION NUMBER | |
| Classification number | 230 |
| Author Mark | JAW |
| 100 ## - MAIN ENTRY--PERSONAL NAME | |
| Personal name | Jawad, Yasir |
| 9 (RLIN) | 14440 |
| 245 ## - TITLE STATEMENT | |
| Title | Mukalmat e Confushis / |
| Statement of responsibility, etc. | Yasir Jawad |
| 260 ## - PUBLICATION, DISTRIBUTION, ETC. | |
| Place of publication, distribution, etc. | Islamabad : |
| Name of publisher, distributor, etc. | Academy Adabiat e Pakistan, |
| Date of publication, distribution, etc. | 2006. |
| 300 ## - PHYSICAL DESCRIPTION | |
| Extent | 116 p. ; |
| 500 ## - GENERAL NOTE | |
| General note | Bibliography. |
| 880 ## - ALTERNATE GRAPHIC REPRESENTATION | |
| Linkage | 100-01\r |
| Title | یاسر جواد |
| 880 ## - ALTERNATE GRAPHIC REPRESENTATION | |
| Linkage | 245-02\r |
| Title | مکالماتِ کنفیوشس / |
| 880 ## - ALTERNATE GRAPHIC REPRESENTATION | |
| Linkage | 260-03\r |
| Title | اسلام آباد : |
| b | اکادمی ادبیاتِ پاکستان, |
| c | ۲۰۰۶. |
| 942 ## - ADDED ENTRY ELEMENTS (KOHA) | |
| Source of classification or shelving scheme | |
| Koha item type | Book |
| Withdrawn status | Lost status | Source of classification or shelving scheme | Damaged status | Not for loan | Permanent Location | Current Location | Date acquired | Total Checkouts | Full call number | Barcode | Date last seen | Price effective from | Koha item type |
|---|---|---|---|---|---|---|---|---|---|---|---|---|---|
| Central Library (CL) | Central Library (CL) | 06/19/2019 | 230 JAW | CL-E-1602 | 06/19/2019 | 06/19/2019 | Book |
